000 00891nam a2200253Ia 4500
003 OSt
005 20220923222303.0
006 a|||||r|||| 00| 0
007 ta
008 220922b |||||||| |||| 00| 0 mar d
024 _a204,255
037 _cTextual
040 _aARTS
_cARTS
_bmar
041 _2mar
_amar
082 _aO155,1M94w, 152N2
100 _aचुनेकर, एस आर; पिंपलापुरे, लेखा, अनु.
_9166582
245 0 _aमाधव जूलियन
246 _aMādhav jūliyana
260 _aनई दिल्ली
_b साहित्य अकादमी
_c1992
300 _a72पृ0
_ccm.
490 _aHkkjrh; lkfgR; ds fuekZrk
942 _hO155,1M94w, 152N2
_cTEXL
_2CC
999 _c355004
_d355004